000 00958nam a2200265Ia 4500
003 OSt
005 20220923211552.0
006 a|||||r|||| 00| 0
007 ta
008 220922b |||||||| |||| 00| 0 hin d
020 _a9789385054327 (hbk)
_c900
024 _a289,273
037 _bBL186, 09/03/2016, K. K. Publications
_cTextual
040 _aARTS
_cARTS
_bhin
041 _2hin
_ahin
082 _aO152v, Q5
100 _aकुकरेती, हेमंत
_9156369
245 0 _aहिन्दी साहित्य का इतिहास
246 _aHindī sāhitya kā itihāsa
260 _aनयी दिल्ली
_b किताबघर प्रकाशन
_c2015
300 _a520पृ.
_ccm.
650 _aहिन्दी साहित्य
_9156264
942 _hO152v, Q5
_cTEXL
_2CC
999 _c300840
_d300840